TALES OF BESTY-MAY (Record no. 73660)

MARC details
000 -LEADER
fixed length control field 00406nam a2200181Ia 4500
008 - FIXED-LENGTH DATA ELEMENTS--GENERAL INFORMATION
fixed length control field 090123s9999 xx 000 0 und d
082 ## - DEWEY DECIMAL CLASSIFICATION NUMBER
Item number 35593
100 ## - MAIN ENTRY--PERSONAL NAME
Personal name ENID BLYTON
245 ## - TITLE STATEMENT
Title TALES OF BESTY-MAY
250 ## - EDITION STATEMENT
Edition statement 0
260 ## - PUBLICATION, DISTRIBUTION, ETC. (IMPRINT)
Name of publisher, distributor, etc DRAGON BOOK
300 ## - PHYSICAL DESCRIPTION
Extent 108
600 ## - SUBJECT ADDED ENTRY--PERSONAL NAME
Personal name ENID BLYTON
630 ## - SUBJECT ADDED ENTRY--UNIFORM TITLE
Uniform title TALES OF BESTY-MAY
700 ## - ADDED ENTRY--PERSONAL NAME
Personal name ENID BLYTON
730 ## - ADDED ENTRY--UNIFORM TITLE
Uniform title TALES OF BESTY-MAY
942 ## - ADDED ENTRY ELEMENTS (KOHA)
Koha item type Book
Holdings
Withdrawn status Lost status Damaged status Not for loan Home library Current library Date acquired Cost, normal purchase price Total Checkouts Full call number Barcode Date last seen Cost, replacement price Price effective from Koha item type
        Jawahar Wachalanalaya, Kalwa Jawahar Wachalanalaya, Kalwa 09/15/2003 0.00   35593 KLW-35593 01/23/2009 0.00 01/23/2009 Book